| 000 | 00535nam a22001817a 4500 | ||
|---|---|---|---|
| 005 | 20230128124709.0 | ||
| 008 | 230125b |||||||| |||| 00| 0 eng d | ||
| 020 | _a81-85731-45-4 | ||
| 041 | _aeng | ||
| 082 | _a615.10 SIN -B | ||
| 100 |
_aSINGH, HARKISHNA _97490 |
||
| 245 | _aHISTORY OF PHARMACY IN INDIA RELATED ASPECTS BUILDERS AND AWARENESS MEDICO-PHARMACEUTICALS PROFESSIONALS VOL-6 | ||
| 250 | _a1st ed. | ||
| 260 |
_bVALLABH PRAKASHAN _c2009 |
||
| 300 | _a174;P. | ||
| 650 |
_aPHARMACY _xD.PHARMA _97090 |
||
| 942 | _cBK | ||
| 999 |
_c8211 _d8209 |
||